| 000 | 01251cam a22003251ia4500 | ||
|---|---|---|---|
| 003 | SA-RiAUC | ||
| 005 | 20250304121759.0 | ||
| 008 | 250304s1997 ua g b 000 0 ara c | ||
| 020 | _a977-270-376-9 | ||
| 040 |
_aSA-RiAUC _bara _cSA-RiAUC _erda |
||
| 041 | 0 |
_aara _afre |
|
| 043 | _ama----- | ||
| 082 | 0 | 4 |
_a091.1 _qSA-RiAUC |
| 090 |
_a091.1 _bس ي د |
||
| 100 | 1 |
_aسيد، أيمن فؤاد، _d1949- _eمؤلف. |
|
| 245 | 1 | 2 |
_aالكتاب العربي المخطوط وعلم المخطوطات = _bLe manuscrit Arabe et la codicologie / _cأيمن فؤاد سيد. |
| 246 | 3 | 0 | _aعلم المخطوطات |
| 246 | 3 | 1 | _aLe manuscrit Arabe et la codicologie |
| 264 | 1 |
_aالقاهرة : _bالدار المصرية اللبنانية، _c1997 |
|
| 300 |
_a2 مجلد ؛ _c24 سم |
||
| 336 |
_aنص _btxt _2rdacontent _3كتاب |
||
| 337 |
_aبدون وسيط _bn _2rdamedia |
||
| 338 |
_aمجلد _bnc _2rdacarrier |
||
| 504 | _aببليوجرافية : صفحة 592-613. | ||
| 546 | _aالنص باللغتين العربية والفرنسية. | ||
| 650 | 7 |
_aالمخطوطات العربية _2aucsh |
|
| 650 | 7 |
_aالكتب _zالبلاد العربية _2aucsh |
|
| 942 |
_2ddc _cBOOK |
||
| 949 |
_aSA-JeALM _d250304 _ukhaled123 _n1 |
||
| 999 |
_c6267 _d6267 |
||